|
|
|
|
| LEADER |
02163nam a2200481 a 4500 |
| 001 |
000772927 |
| 003 |
CZ BrMZK |
| 005 |
20050712102002.0 |
| 007 |
ta |
| 008 |
050503s2004 xr a erp 000 0 cze d |
| 015 |
|
|
|a cnb001530819
|
| 020 |
|
|
|a 80-210-3617-6
|q (brož.)
|
| 035 |
|
|
|a (OCoLC)85142196
|
| 040 |
|
|
|a BOA001
|b cze
|
| 043 |
|
|
|a e-xr---
|
| 072 |
|
7 |
|a 314
|x Demografie. Populace
|2 Konspekt
|9 18
|
| 072 |
|
7 |
|a 37.016
|x Učební osnovy. Vyučovací předměty. Učebnice
|2 Konspekt
|9 22
|
| 080 |
|
|
|a 314
|2 MRF
|
| 080 |
|
|
|a (437.3)
|2 MRF
|
| 080 |
|
|
|a (075.8)
|2 MRF
|
| 100 |
1 |
|
|a Vystoupil, Jiří,
|d 1951-
|7 ola2004220070
|4 aut
|
| 245 |
1 |
0 |
|a Základy demografie /
|c Jiří Vystoupil, Zdenka Tarabová
|
| 250 |
|
|
|a 1. vyd.
|
| 260 |
|
|
|a Brno :
|b Masarykova univerzita,
|c 2004
|
| 300 |
|
|
|a 150 s. :
|b il. ;
|c 30 cm
|
| 500 |
|
|
|a V tiráži nad názvem: Masarykova univerzita v Brně, Ekonomicko-správní fakulta, Katedra regionální ekonomie a správy
|
| 500 |
|
|
|a 600 výt.
|
| 504 |
|
|
|a Obsahuje bibliografii
|
| 500 |
|
|
|a Dostupné též v digitální podobě v aplikaci Kramerius
|
| 650 |
0 |
7 |
|a demografie
|7 ph117181
|2 czenas
|
| 650 |
0 |
7 |
|a demografie
|7 ph117181
|z Česko
|2 czenas
|
| 655 |
|
7 |
|a učebnice vysokých škol
|7 fd133772
|2 czenas
|
| 700 |
1 |
|
|a Tarabová, Zdeňka
|7 jk01132058
|4 aut
|
| 710 |
2 |
|
|a Masarykova univerzita.
|b Katedra regionální ekonomie a správy
|7 kn20020321089
|
| 856 |
4 |
1 |
|u http://www.digitalniknihovna.cz/mzk/uuid/uuid:445451e0-8eaa-11e6-baa5-005056827e51
|y Digitalizovaný dokument
|x NDK
|
| 910 |
|
|
|a BOA001
|b 3-1151.813
|
| 990 |
|
|
|a BK
|
| 991 |
|
|
|b 200506
|c NOV
|
| 996 |
6 |
|
|b 2610249482
|c 3-1151.813
|l MZK
|r Sklad / do 1 hodiny
|n 28
|p p.v.
|w 000772927
|u 000010
|a 1
|e BOA001
|j MZK50
|s P
|
| 996 |
7 |
|
|b 2610249483
|c 3-1151.813
|l MZK
|r Sklad / do 1 hodiny
|n 67
|p p.v.
|w 000772927
|u 000020
|a 1
|e BOA001
|j MZK50
|s A
|
| 996 |
7 |
|
|b 2610255184
|c 3-1151.813
|l MZK
|r Sklad / do 1 hodiny
|n 51
|p kup
|w 000772927
|u 000030
|a 1
|e BOA001
|j MZK50
|s A
|
| 996 |
7 |
|
|b 2610255185
|c 3-1151.813
|l MZK
|r Sklad / do 1 hodiny
|n 47
|p kup
|w 000772927
|u 000040
|a 1
|e BOA001
|j MZK50
|s A
|
| 996 |
7 |
|
|b 2610547040
|c 3-1151.813
|l MZK
|r Sklad / do 1 hodiny
|n 24
|w 000772927
|u 000050
|a 1
|e BOA001
|j MZK50
|s A
|